Pozemné staviteľstvo I. 1.časť /

Gespeichert in:
Bibliographische Detailangaben
Hauptverfasser: Szomolányiová, Klára (Verfasst von), Tužinský, Imrich, 1938- (Verfasst von)
Format: Buch
Sprache:Slowakisch
Veröffentlicht: Bratislava : SVŠT v Bratislave, 1987
Tags: Tag hinzufügen
Keine Tags, Fügen Sie das erste Tag hinzu!

MARC

LEADER 00000nam a22000003a 4500
001 stu29784
005 20150617225737.5
008 951003s1987----xo------------------slo-d
040 |a STU  |b slo 
041 0 |a slo 
044 |a xo 
080 |a 624.1(075.8) 
100 1 |a Szomolányiová, Klára  |4 aut 
245 1 |a Pozemné staviteľstvo I. 1.časť /  |c [aut]Tužinský,I.;Szomolányiová,K 
260 |a Bratislava :  |b SVŠT v Bratislave,  |c 1987 
300 |a 161 s 
700 1 |a Tužinský, Imrich,  |d 1938-  |4 aut  |u A4140  |U FAD Fakulta architektúry  |T FA Ústav konštrukcií v architektúre a inžinierskych stavieb  |X 435  |U A4140  |Y 395  |7 A000000435 
996 |b 284V013546  |c V*30462/S-89  |l VVT  |s A  |a 24  |w stu29784_0001